000 00305nam a2200121 i 4500
001 bg
245 0 _aRozwój narzędzi skrawających i pomiarowych :
_bRefer. sekcji A-1 i A-2.
260 _aWarszawa,
_c1980.
040 _cBPK
041 _apol
942 _cKS
008 s pl f |000 0 pol
999 _c19192
_d19192
856 _uhttp://koha.tu.koszalin.pl/cgi-bin/koha/opac-detail.pl?biblionumber=19192
_yKatalog online BPK